Statistiques concernant Culture Générale - Série 803

Cliquez ici pour prendre le quiz!

Statistiques générales

  • Ce quiz a été pris 113 fois
  • Le résultat moyen est 6 sur 10

Statistiques - réponses

QuestionRéponse% Correct
Quelle espèce animale mangez-vous, si l'on vous sert du merlu, du colin ou du lieu ?poisson
96%
Quelle division administrative française est placée sous l'autorité du préfet ?département
71%
Complétez les paroles d'une chanson de Gilbert Bécaud de 1964 : "La place rouge était vide, devant moi marchait...Nathalie
67%
Quelle femmme de lettres, auteure des "Mémoires d'Hadrien", devient en 1980 la première femme élue à l'Académie française ?Marguerite Yourcenar
62%
Dans quel pays la chaîne d'information Al-Jazeera est-elle basée ?Qatar
59%
D'une personne sur qui on ne peut pas compter, on dit familièrement que c'est une "planche...pourrie
48%
Comment se prénomme le "Garçon pas comme les autres", chanté par Céline Dion en 1991 ?Ziggy
48%
Quel nom, emprunté au créole haïtien, désigne un revenant au service d'un sorcier dans le culte vaudou ?zombi
42%
Quel bovidé domestique, au nom latin : "Bos indicus", est caractérisé par une bosse graisseuse sur le garrot ?zébu
38%
En 1954, dans quelle ville européenne a lieu la conférence qui met fin à la guerre d'Indochine ?Genève
24%

Distribution des résultats

Percentile par nombre de réponses

% des personnes avec chaque résultat

Votre développement - résultats

Vous n’avez pas pris ce quiz